000 01740cam a22005294i 4500
003 PE-LiUPU
005 20250731165504.0
008 150623s1999 miua r 000 0 eng d
020 _a0801021006
020 _a9780801021008
035 _a(Sirsi) i9780801021008
040 _aPE-LiUPU
_bspa
_cPE-LiUPU
_dPE-LiUPU
_erda
049 _aPRUA
082 0 4 _a150.3e
_bB13
_221
100 1 _aBenner, David G.,
_eautor.
245 1 0 _aBaker encyclopedia of psychology and counseling /
_cDavid G. Benner.
264 1 _aGrand Rapids, Michigan :
_bBaker Books,
_c1999.
300 _a1276 páginas :
_bilustraciones ;
_c26 centímetros
336 _atext
_2rdacontent
337 _aunmediated
_2rdamedia
338 _avolume
_2rdacarrier
505 0 _aBaker encyclopedia of psychology and counseling.
526 _aSEG44
526 _aSEG26
526 _aP151
526 _aP150
526 _aP149
526 _aP146
526 _aP145
526 _aP126
526 _aP125
526 _aP92
526 _aP75
526 _aP74
526 _aP27
526 _aP15
650 1 4 _aPsicología
_vEnciclopedias.
650 2 4 _aPsicología
_vDiccionarios.
650 2 4 _aPsicoterapia
_vDiccionarios.
700 1 _aHill, Peter C.,
_eeditor.
942 _2ddc
_cBOOK
949 _aRC 150.3E B13
_wDEWEY
_c1
_i46618
_lCCODEBUL1
_mBUL
_r0
_sY
_tBOOK
_u2015-6-24
_xTEOLOGIA
_PP35
_0COMPRA
_o.STAFF. Colección Ciencias de la Salud
994 _aC0
_bPEPRU
596 _a1
999 _aRC 150.3E B13
_wDEWEY
_c23409
_i46618
_d23409
_f2021-11-3
_g6
_lCCODEBUL1
_mBUL
_p66.99
_q1
_r0
_sY
_tBOOK
_u2015-6-24
_xSALUD
_zP35
_0COMPRA
_o.STAFF. Colección Ciencias de la Salud
980 _81
_gALBERTO SANCHEZ Responsable de Automatización